Bài tập âm nhạc 6
Sách gồm các bài tập trác nghiệm và tự luận về âm nhạc, hướng dẫn các em các ngắt nhịp ,phách trong âm nhạc. Nhằm giúp các em nâng cao khả năng âm nhạc .
Zapisane w:
| 1. autor: | |
|---|---|
| Format: | Książka |
| Język: | Undetermined |
| Wydane: |
Hà Nội
Giáo dục Việt Nam
2015
|
| Hasła przedmiotowe: | |
| Etykiety: |
Dodaj etykietę
Nie ma etykietki, Dołącz pierwszą etykiete!
|
| Thư viện lưu trữ: | Trung tâm Học liệu Trường Đại học Cần Thơ |
|---|
| LEADER | 00847nam a2200217Ia 4500 | ||
|---|---|---|---|
| 001 | CTU_216045 | ||
| 008 | 210402s9999 xx 000 0 und d | ||
| 020 | |c 5600 | ||
| 082 | |a 780.712 | ||
| 082 | |b L431 | ||
| 100 | |a Hoàng, Long | ||
| 245 | 0 | |a Bài tập âm nhạc 6 | |
| 245 | 0 | |c Hoàng Long (Chủ biên) | |
| 260 | |a Hà Nội | ||
| 260 | |b Giáo dục Việt Nam | ||
| 260 | |c 2015 | ||
| 520 | |a Sách gồm các bài tập trác nghiệm và tự luận về âm nhạc, hướng dẫn các em các ngắt nhịp ,phách trong âm nhạc. Nhằm giúp các em nâng cao khả năng âm nhạc . | ||
| 650 | |a Music,Âm nhạc | ||
| 650 | |x Study and teaching (Secondary),Dạy và học (Trung học) | ||
| 904 | |i Hải | ||
| 980 | |a Trung tâm Học liệu Trường Đại học Cần Thơ | ||